| 000 | 00363nam a2200133Ia 4500 | ||
|---|---|---|---|
| 008 | 201214s9999 xx 000 0 und d | ||
| 100 | _aTaylor, James W. | ||
| 245 | 0 | _aStrategic Planning For The Successful Business : How To Profitably Guide Your Business into the Fut | |
| 260 | _aNew York | ||
| 260 | _bHamilton | ||
| 260 | _c1979 | ||
| 300 | _a0 | ||
| 942 | _cBK | ||
| 999 |
_c5873 _d5873 |
||